English Football League Championship Top 6 By Year - Statistics

General Stats
  • This quiz has been taken 197 times
    157 since last reset
  • The average score is 86 of 102
Answer Stats
Hint Answer % Correct
1st | 2nd | 3rd Norwich City
98%
1st | 3rd | 5th Leeds United
93%
5th | 4th Aston Villa
92%
1st | 2nd | 5th Burnley
92%
1st | 5th Wolverhampton Wanderers
92%
3rd | 6th Nottingham Forest
91%
2nd | 6th | 3rd | 3rd Watford
91%
4th | 5th | 6th | +3 others Derby County
89%
6th | 3rd | 4th Fulham
89%
4th | 6th | 3rd Swansea City
89%
3rd | 5th | 3rd Brentford
88%
1st | 5th | 6th Leicester City
88%
3rd | 6th West Ham United
88%
2nd | 3rd | 4th Hull City
87%
1st Newcastle United
87%
2nd | 3rd Sheffield United
87%
1st | 6th Bournemouth
86%
2nd | 3rd | 4th | 6th Brighton and Hove Albion
86%
1st Sunderland
84%
1st | 2nd | 4th | +3 others Cardiff City
83%
1st | 2nd | 4th | 4th West Bromwich Albion
83%
5th Huddersfield Town
82%
2nd | 4th Birmingham City
81%
2nd | 5th | 4th Middlesbrough
81%
4th | 6th Sheffield Wednesday
81%
5th | 6th | 5th Crystal Palace
79%
6th | 5th Blackpool
78%
2nd | 6th Southampton
78%
1st | 4th | 3rd | 5th Reading
76%
1st | 4th Queen's Park Rangers
74%
2nd Stoke City
71%
3rd | 6th Ipswich Town
70%
2nd | 5th Wigan Athletic
70%
5th Barnsley
68%
4th | 6th | 5th Preston North End
68%
4th Bristol City
60%
No matching quizzes found
Score Distribution
Percent of People with Each Score
Percentile by Number Answered
Your Score History
You have not taken this quiz since the last reset